In nomine patri y otros cuentos /

Guardado en:
Autor Principal: Huici, Adrián
Formato: Libro
Publicado: Sevilla : Alfar, 2008
Materias:
Etiquetas: Agregar Etiqueta
Sin Etiquetas, Sea el primero en etiquetar este registro!
LEADER 00572nam a22001935a 4500
001 EHU.bham041805
003 AR-BHAM
005 20121105140059.0
008 130507s2008##################000#0#####d
020 |a 9788478982813 
082 A 8 |a 863.5 
100 1 |a Huici, Adrián 
245 1 0 |a In nomine patri y otros cuentos /  |c  Adrián Huici 
260 |a Sevilla :  |b Alfar,  |c 2008 
300 |a 228 p. 
653 |a Literatura bahiense-2000- 
653 |a Poesía bahiense-2000- 
653 |a Poesía argentina-2000- 
859 |a AR-BHAM  |b BIB. HUMANIDADES - General  |h A863.5  |i H876  |k A  |p 279.10  |t Ej.1